| 000 | 00880cab a22002175a 4500 | ||
|---|---|---|---|
| 001 | L159157 | ||
| 008 | 120809e20150805xxk f 000 0 eng d | ||
| 035 | _a(Sirsi) u159157 | ||
| 041 | 0 | _aeng | |
| 100 | 1 | _aRawlinson, Simon | |
| 110 | 2 |
_aArcadis _96166 |
|
| 245 | 0 | 0 |
_aInternational costs _b2015 |
| 260 | _c2015 | ||
| 490 |
_aBuilding _v281 (8890) 11 September 2015, 42-48(7) |
||
| 520 | _aAnalyses the results of the Arcadis annual survey of global construction costs. Comparative costs assessment is based on a survey of construction costs in 45 locations, covering 13 building types. Economic recovery in the UK and currency fluctuations have triggered big movements in the relative construction cost rankings of cities around the world. | ||
| 590 | _aKA | ||
| 651 | 4 | _aInternational | |
| 690 |
_aConstruction management _96230 |
||
| 700 | 1 | _aNimoh, Kevin | |
| 942 | _n0 | ||
| 999 |
_c84813 _d84813 |
||